| 000 | 00520nam a2200169 a 4500 | ||
|---|---|---|---|
| 001 | 2297 | ||
| 003 | CDMR | ||
| 005 | 20130718121746.0 | ||
| 008 | 130130s1981||||||||||||||||||||||||||||d | ||
| 040 |
_aCDMR _bcat _cCDMR |
||
| 100 | 1 |
_aJamison, Dean Tecumseh _91714 |
|
| 245 | 1 | 3 | _aLa radio al servicio de la educación y el desarrollo |
| 260 |
_aMadrid _c1981 _bMinisterio de Educación y Ciencia |
||
| 650 | 0 | 4 |
_92801 _aRàdio _xAspectes socials |
| 650 | 0 | 4 |
_93081 _aMitjans de comunicació de massa i educació |
| 942 |
_cMON _2udc |
||
| 999 |
_c2297 _d2297 |
||